000 00331 a2200157 4500
001 181299
020 _a
040 _cMagnum
100 _aKupstas, Marcia
240 1 0 _aO primeiro beijo
_lpor
245 1 0 _aO primeiro beijo
362 0 _a1899
440 1 _aModerna
697 _aMAGNITO: J/ADOLESCENTE, NAMORO
942 _cBK
999 _c181299
_d181299